|
|
|
|
| LEADER |
01136nam a2200289 a 4500 |
| 001 |
1544014 |
| 008 |
110604r19921969nyuab 000 0 eng |
| 035 |
|
|
|9 (DLC) 91036694
|
| 010 |
|
|
|a 91036694
|
| 020 |
|
|
|a 0471557978 (acid-free paper)
|
| 020 |
|
|
|a 047111460x
|
| 040 |
|
|
|a DLC
|c DLC
|d DLC
|d OCoLC
|d DLC
|d BD-DhAAL
|
| 043 |
|
|
|a n-us---
|
| 050 |
0 |
0 |
|a HC110.E5
|b M394 1992
|
| 082 |
0 |
0 |
|a 304.2
|2 20
|
| 100 |
1 |
|
|a McHarg, Ian L.
|
| 245 |
1 |
0 |
|a Design with nature /
|c Ian L. McHarg.
|
| 260 |
|
|
|a New York :
|b J. Wiley,
|c c1992.
|
| 300 |
|
|
|a ix, 197 p. :
|b ill. (some col.), maps (some col.) ;
|c 29 cm.
|
| 500 |
|
|
|a Originally published: Garden City, N.Y. : Published for the American Museum of Natural History by the Natural History Press, 1969.
|
| 541 |
|
|
|e 00009502
|
| 650 |
|
0 |
|a Environmental policy
|z United States.
|
| 650 |
|
0 |
|a Human ecology.
|
| 650 |
|
0 |
|a Nature
|x Effect of human beings on.
|
| 852 |
1 |
|
|a Ayesha Abed Library
|c General Shelf.
|
| 999 |
|
|
|c 10950
|d 10950
|
| 952 |
|
|
|0 0
|1 0
|2 ddc
|4 0
|6 304_200000000000000_MCH
|7 0
|9 17100
|a BRACUL
|b BRACUL
|c GEN
|d 2011-06-04
|l 2
|m 12
|o 304.2 MCH
|p 3010009502
|r 2015-03-28
|s 2015-03-22
|t 1
|w 2011-06-04
|y BK
|